Normal view
MARC view
Entry Personal Name
001 - CONTROL NUMBER
- control field: 94976
003 - CONTROL NUMBER IDENTIFIER
- control field: OSt
005 - DATE AND TIME OF LATEST TRANSACTION
- control field: 20220918200631.0
008 - FIXED-LENGTH DATA ELEMENTS
- fixed length control field: 220918|| aca||aabn | a|a d
040 ## - CATALOGING SOURCE
- Original cataloging agency: OSt
- Transcribing agency: OSt
100 ## - HEADING--PERSONAL NAME
- Personal name: Benson Otis O ed
670 ## - SOURCE DATA FOUND
- Source citation: Work cat.: (OSt)213332: White Clayton S ed 94975, Physics and medicine of the upper atmosphere , 1952
